|
|
|
|
| LEADER |
00711nam a2200157Ia 4500 |
| 001 |
UIH_01691 |
| 008 |
230809s9999 xx 000 0 und d |
| 082 |
|
|
|a 628112
|
| 100 |
|
|
|a Nguyen Kieu Lan Phuong
|
| 245 |
|
0 |
|a Estimation of water environmental capacity in Vam Co River downstream under the impacts of aquaculture :Master thesis - International Master in Environmental Sciences and Management
|
| 245 |
|
0 |
|c Nguyen Kieu Lan Phuong
|
| 260 |
|
|
|b Trường Đại học Công nghiệp Tp. Hồ Chí Minh
|
| 260 |
|
|
|c 2012
|
| 650 |
|
|
|a Quản lý môi trường; Nước sông
|
| 927 |
|
|
|a Luận văn
|
| 980 |
|
|
|a Trung tâm Thư viện - Trường Đại học Công nghiệp TP. Hồ Chí Minh
|